00998naa#a2200169#i#4500001001500000005001700015100004100032102000700073200026100080210016900341215001000510608006000520675014200580700003200722700005600754856001800810RU\\bibl\1948820260516085013.6##a20260515b2026####ek#y0rusy0150####ca##aRU1#aОПТИМИЗАЦИЯ ПОДБОРА КОНЦЕНТРАЦИЙ НОВОГО АМИНОКИСЛОТНОГО БИОПРЕПАРАТА ДЛЯ ЛЕСНЫХ ПИТОМНИКОВ МЕТОДОМ ДИХОТОМИИeСтатья/тезисы конференции1#aВоронежcВоронежский государственный лесотехнический университет имени Г.Ф. Морозоваd2026##a5 с.##aСтатья/тезисы конференции2local##aЛесное хозяйство. Лесоводство. 630aСельскохозяйственная микробиология. 579.64#1aГордиенкоgИ. М.#1aБрындинаgЛариса Васильевна4#abibl.vgltu.ru